000
00296nam a22001337a 4500
008
170407b xxu||||| |||| 00| 0 eng d
020
_a
9780071441599
041
_a
eng
080
_a
616
100
_a
9
101
_a
SHM
245
_a
PATHOPHYSIOLOGY OF DISEASE
_c
MCPHEE, S.J
942
_2
udc
_c
BK
999
_c
10140
_d
10140